MARC details
| 000 -LEADER |
| fixed length control field |
01729cam a2200421 a 4500 |
| 001 - CONTROL NUMBER |
| control field |
11775370 |
| 005 - DATE AND TIME OF LATEST TRANSACTION |
| control field |
20241220104221.0 |
| 008 - FIXED-LENGTH DATA ELEMENTS--GENERAL INFORMATION |
| fixed length control field |
990218s1999 nyu 000 1 eng d |
| 035 ## - SYSTEM CONTROL NUMBER |
| System control number |
(DLC) 99236288 |
| 010 ## - LIBRARY OF CONGRESS CONTROL NUMBER |
| LC control number |
99236288 |
| 020 ## - INTERNATIONAL STANDARD BOOK NUMBER |
| International Standard Book Number |
0671027344 |
| 035 ## - SYSTEM CONTROL NUMBER |
| System control number |
(OCoLC)40813072 |
| 040 ## - CATALOGING SOURCE |
| Original cataloging agency |
NBPu |
| Transcribing agency |
NBPu |
| Modifying agency |
CoD |
| -- |
DLC |
| 042 ## - AUTHENTICATION CODE |
| Authentication code |
lccopycat |
| 050 00 - LIBRARY OF CONGRESS CALL NUMBER |
| Classification number |
PS3553.H3469 |
| Item number |
P47 1999 |
| 082 00 - DEWEY DECIMAL CLASSIFICATION NUMBER |
| Classification number |
813/.54 |
| Edition number |
21 |
| 082 ## - DEWEY DECIMAL CLASSIFICATION NUMBER |
| Classification number |
CHBOSKY |
| 092 ## - LOCALLY ASSIGNED DEWEY CALL NUMBER (OCLC) |
| Classification number |
CHBOSKY |
| 100 1# - MAIN ENTRY--PERSONAL NAME |
| Personal name |
Chbosky, Stephen. |
| 9 (RLIN) |
65538 |
| 245 14 - TITLE STATEMENT |
| Title |
The perks of being a wallflower / |
| Statement of responsibility, etc |
Stephen Chbosky. |
| 260 ## - PUBLICATION, DISTRIBUTION, ETC. (IMPRINT) |
| Place of publication, distribution, etc |
New York : |
| Name of publisher, distributor, etc |
Pocket Books, |
| Date of publication, distribution, etc |
c1999. |
| 300 ## - PHYSICAL DESCRIPTION |
| Extent |
213 p. ; |
| Dimensions |
18 cm. |
| 598 ## - |
| -- |
bannedbk |
| 655 #7 - INDEX TERM--GENRE/FORM |
| Genre/form data or focus term |
Epistolary fiction. |
| Source of term |
gsafd |
| 9 (RLIN) |
102684 |
| 655 #7 - INDEX TERM--GENRE/FORM |
| Genre/form data or focus term |
Bildungsromans. |
| Source of term |
gsafd |
| 9 (RLIN) |
102642 |
| 856 42 - ELECTRONIC LOCATION AND ACCESS |
| Materials specified |
Contributor biographical information |
| Uniform Resource Identifier |
<a href="http://www.loc.gov/catdir/bios/simon051/99236288.html">http://www.loc.gov/catdir/bios/simon051/99236288.html</a> |
| 856 42 - ELECTRONIC LOCATION AND ACCESS |
| Materials specified |
Publisher description |
| Uniform Resource Identifier |
<a href="http://www.loc.gov/catdir/description/simon041/99236288.html">http://www.loc.gov/catdir/description/simon041/99236288.html</a> |
| 856 41 - ELECTRONIC LOCATION AND ACCESS |
| Materials specified |
Sample text |
| Uniform Resource Identifier |
<a href="http://www.loc.gov/catdir/enhancements/fy0640/99236288-s.html">http://www.loc.gov/catdir/enhancements/fy0640/99236288-s.html</a> |
| 856 42 - ELECTRONIC LOCATION AND ACCESS |
| Materials specified |
Contributor biographical information |
| Uniform Resource Identifier |
<a href="http://www.loc.gov/catdir/bios/simon051/99236288.html">http://www.loc.gov/catdir/bios/simon051/99236288.html</a> |
| 856 42 - ELECTRONIC LOCATION AND ACCESS |
| Materials specified |
Publisher description |
| Uniform Resource Identifier |
<a href="http://www.loc.gov/catdir/description/simon041/99236288.html">http://www.loc.gov/catdir/description/simon041/99236288.html</a> |
| 856 41 - ELECTRONIC LOCATION AND ACCESS |
| Materials specified |
Sample text |
| Uniform Resource Identifier |
<a href="http://www.loc.gov/catdir/enhancements/fy0640/99236288-s.html">http://www.loc.gov/catdir/enhancements/fy0640/99236288-s.html</a> |
| 856 42 - ELECTRONIC LOCATION AND ACCESS |
| Materials specified |
Contributor biographical information |
| 856 42 - ELECTRONIC LOCATION AND ACCESS |
| Uniform Resource Identifier |
<a href="http://www.loc.gov/catdir/bios/simon051/99236288.html">http://www.loc.gov/catdir/bios/simon051/99236288.html</a> |
| Materials specified |
Publisher description |
| 856 42 - ELECTRONIC LOCATION AND ACCESS |
| Uniform Resource Identifier |
<a href="http://www.loc.gov/catdir/description/simon041/99236288.html">http://www.loc.gov/catdir/description/simon041/99236288.html</a> |
| Materials specified |
Sample text |
| 856 41 - ELECTRONIC LOCATION AND ACCESS |
| Uniform Resource Identifier |
<a href="http://www.loc.gov/catdir/enhancements/fy0640/99236288-s.html">http://www.loc.gov/catdir/enhancements/fy0640/99236288-s.html</a> |
| 942 ## - ADDED ENTRY ELEMENTS (KOHA) |
| Koha item type |
BOOK |
| 998 ## - LOCAL CONTROL INFORMATION (RLIN) |
| -- |
a13136 |